Statistiques concernant Dates - La France et sa nouvelle place dans le monde

Cliquez ici pour prendre le quiz!

Statistiques générales

  • Ce quiz a été pris 52 fois
  • Le résultat moyen est 10 sur 30

Statistiques - réponses

EvènementPrécisionDate% Correct
Entrée en vigueur de la Vème RépubliqueAnnée1958
85%
Traité de Rome et création de la CEEAnnée1957
78%
Entrée de la France dans l'OTANAnnée1949
72%
Premier choc pétrolier et changement de politique énergétiqueAnnée1973
65%
Rejet de la CED, pour une alliance militaire européenneAnnée1954
61%
Adoption du quinquennat par référendumAnnée2000
59%
Election du Président au suffrage universel direct adoptéeAnnée1962
57%
Annonce d'une réintégration de l'OTAN par la FranceAnnée2007
52%
Reconnaissance française de la République Populaire de ChineAnnée1964
48%
Voyage du Général de Gaulle en URSSAnnée1966
48%
Toussaint Rouge, attentats organisés en Algérie par le FLNJour, mois et année1er novembre 1954
37%
Acceptation du Plan Marshall par la FranceMois et annéeMai 1947
33%
Décès du Général de Gaulle, d'un infarctusMois et annéeNovembre 1970
30%
Reconnaissance de la Guerre d'AlgérieAnnée1999
28%
Charle de Gaulle est rappelé au pouvoir par René CotyMois et annéeJuin 1958
26%
Attentat du Petit ClamartMois et annéeAoût 1962
20%
Début d'une grève généraleJour, mois et année13 mai 1968
17%
Conclusion des Accords de GrenelleJour, mois et année27 mai 1968
17%
Incendie de la Sorbonne marquant le début des "évènements"Jour, mois et année2 mai 1968
17%
Proclamation de l'indépendance de l'AlgérieJour, mois et année5 juillet 1962
17%
Manifestations et coup-d'état à AlgerJour, mois et année13 mai 1958
15%
Discours de Robert Schuman proposant la CECAJour, mois et année9 mai 1950
15%
Massacre lors d'une manifestation du FLN à ParisJour, mois et année17 octobre 1961
9%
Essais nucléaires français, en Algérie puis en PolynésieAnnées1960-1996
9%
Référendum sur la décentralisation et le Sénat, victoire du "Non"Jour, mois et année27 avril 1969
9%
Discours du Général de Gaulel à Alger, "Je vous ai compris!"Jour, mois et année4 juin 1958
9%
Fin de la conquête de l'Algérie par la FranceJour, mois et année5 juillet 1830
9%
Putsch des GénérauxJour, mois et année22 avril 1961
7%
Démission du Général de GaulleJour, mois et année28 avril 1969
7%
Proposition de l'autodétermination algérienne par de GaulleJour, mois et année16 septembre 1959
2%

Distribution des résultats

Percentile par nombre de réponses

% des personnes avec chaque résultat

Votre développement - résultats

Vous n’avez pas pris ce quiz